000 00505nam a22001577a 4500
999 _c41001
_d41001
003 OSt
005 20210225130515.0
008 210224b ||||| |||| 00| 0 eng d
040 _coclc
082 _a332.110954
_bKIR/I
100 _98480
_aKiran
245 _aIBPS Bank PO/ MT / SO
_bPreliminary Common Written Examination /
_cKiran
260 _aDelhi:
_bKiran Institute of Career Excellence,
_c2015.
300 _a256p
942 _2ddc
_cBK
_iKIR/I
_k332.110954
_mKIR/I
_h332.110954